Top 10 Most Listened-to Latin Artists in 2025 - Statistics

General Stats
  • This quiz has been taken 29 times
  • The average score is 5 of 10
Answer Stats
Rank Artist Nationality % Correct
1 Bad Bunny Puerto Rico
100%
2 Shakira Colombia
79%
6 Karol G Colombia
67%
4 Daddy Yankee Puerto Rico
58%
3 J Balvin Colombia
54%
9 Maluma Colombia
50%
10 Peso Pluma Mexico
38%
5 Rauw Alejandro Puerto Rico
33%
8 Camila Cabello Cuba / United States
29%
7 Ozuna Puerto Rico
29%
No matching quizzes found
Score Distribution
Percent of People with Each Score
Percentile by Number Answered
Your Score History
You have not taken this quiz